| 000 | 00486nam a2200157Ia 4500 | ||
|---|---|---|---|
| 008 | 220216s9999 xx 000 0 und d | ||
| 100 | _aKinnaret Patra | ||
| 245 | 0 | _aPerformance of RRIT 251 in traditional and non-traditional area | |
| 260 | _bIRRDB International Rubber Conference 14-17 December 2011 Chiang | ||
| 650 | _aNon-traditional ares | ||
| 650 | _aRRIT 251 | ||
| 650 | _aTraditional are | ||
| 700 | _aLekawipat Napawan | ||
| 700 | _aTeerawatanasuk Kanikar | ||
| 942 | _cJS | ||
| 999 |
_c64775 _d64775 |
||